Tanzania law reports 1991

Salvato in:
Dettagli Bibliografici
Ente Autore: Nyalali, F.L. (Chief editor )
Natura: Libro
Pubblicazione: Cape Town ( South Africa): Published on behalf of the government of Tanzania by JUTA & Company Ltd, c1998
Soggetti:
Tags: Aggiungi Tag
Nessun Tag, puoi essere il primo ad aggiungerne!!

MARC

LEADER 00000nam a22000007a 4500
020 |c Tzs 680,550/= 
022 |a 10289186 
082 |a REF 348.678041 TAN 
110 |d Tanzania  
245 |a Tanzania law reports 1991  |c /The United Republic of Tanzania, edited by F.L. Nyalali 
260 |a Cape Town ( South Africa):   |b Published on behalf of the government of Tanzania by JUTA & Company Ltd,   |c c1998 
300 |a xxii, 203 p.:  |c 24cm. 
650 |a  Law reports, digests, etc | Law reports, digests, etc  |z Tanzania  
710 |a Nyalali, F.L. (Chief editor ) 
942 |c CC 
999 |c 413  |d 413